000
00342nam a2200157Ia 4500
100
_a
Kogent Learning solutions
650
_a
Java
942
_c
BK
366
_f
25
654
_a
Java 6
245
_a
JAVA 6 and J2EE 1.5(java EE5)
260
_b
Dream tech
_c
2010
082
_a
5.133
_b
KOG
300
_a
825
546
_a
ENGLISH
_c
PAMPHALETS
999
_c
33482
_d
33482